Europese Hoofdsteden – Sudden Death - Statistieken

Algemene statistieken
  • Deze quiz is 18 keer genomen
  • De gemiddelde score is 12 van 20
Answers on the Grid
Answers color-coded by a green-red scale on the quiz's grid according to % correct below.
 
Antwoordstatistieken
Antwoord % Correct
Amsterdam
93%
Rome
87%
Berlin
87%
Paris
80%
Riga
67%
Stockholm
67%
Prague
67%
Dublin
60%
Tallinn
60%
Vienne
60%
Bratislava
60%
Helsinki
53%
Monaco
53%
Copenhague
53%
Lisbonne
53%
Vaduz
47%
Bruxelles
47%
Madrid
47%
Bern
40%
Oslo
33%
Geen overeenkomende quizzen gevonden
Scoreverdeling
Procent van Mensen met Elke Score
Percentiel versus Aantal Correcte Antwoorden
Uw Scoregeschiedenis
U heeft deze quiz nog niet genomen